000 00710cam a2200253 4500500
005 20260405003524.0
041 _afre
042 _adc
100 1 0 _aDurand, Jean-Marie
_eauthor
245 0 0 _aUne éclosion continue. Temps et photographie
260 _c2022.
500 _a81
690 _aEsthétique
690 _aJean-Christophe Bailly
690 _aMémoire
690 _aPhoto
690 _aPhotographie
690 _aRegard
690 _aTemps
690 _aTrace
690 _avision
786 0 _nPhilosophie magazine | 160 | 6 | 2022-06-01 | p. 67-67 | 1951-1787
856 4 1 _uhttps://shs.cairn.info/magazine-philosophie-magazine-2022-6-page-67?lang=fr&redirect-ssocas=7080
999 _c2068340
_d2068340